Responses for show #5480 - Friday, June 6, 2008

Donna Vogel game 2.

Contestants

Bret DeLone, a surgeon from Camp Hill, Pennsylvania

Jim Hunt, a graduate student and Latin teacher from Syracuse, New York

Donna Vogel, a scientist from Bethesda, Maryland (whose 1-day cash winnings total $20,399)

Jeopardy! Round responses

2 TYPES OF CHINA
DEPP PERCEPTION
PEOPLE
THE WRITE STUFF
MMM...BEER
CROSSWORD CLUES "S"
    $200 16
a platter

Donna
    $200 21
Sweeney Todd

Donna
    $200 11
Brigham Young

Jim
    $200 26
Thomas Jefferson

Jim
    $200 1
ale

Donna
    $200 6
(Jim: What are the blues?)

soul

DonnaJim
    $400 17
the rat

Jim
    $400 22
Freddy Krueger

Jim
    $400 12
Mickey Mantle

Jim
    $400 27
(Bret: What is Australia?)

Canada

DonnaBret
    $400 2
Manhattan

Donna
    $400 7
(Alex: Don't overcomplicate it.)

spirits

Triple Stumper
    $600 18
the Nationalists

Donna
    $600 23
Edward Scissorhands

Donna
    $600 13
Roundup

Triple Stumper
    $600 28
Christopher Tolkien

Triple Stumper
    $600 3
Heineken

Jim
    $600 8
Skye

Donna
    $800 19
the People's Liberation Army

Bret
    $800 24
Don Juan

Jim
    $1,500 14
(Alex: Madeleine Albright before, Condoleezza Rice following.)

Colin Powell

Jim
    $800 29
St. John

Jim
    $800 4
Molson's

Jim
    $800 9
suspense

Donna
    $1000 20
(Jim: What is...Hummel?)

Dresden

JimBret
    $1000 25
Charlie and the Chocolate Factory

Bret
    $1000 15
Jane Seymour

Jim
    $1000 30
Terrence McNally

Triple Stumper
    $1000 5
Michelob

Donna
    $1000 10
Skylab

Bret

Scores at the first commercial break (after clue 15):

Donna Jim Bret
$3,200 $4,300 $1,000

Scores at the end of the Jeopardy! Round:

Donna Jim Bret
$5,200 $5,900 $3,400

Double Jeopardy! Round responses

A GALLIC CATEGORY?
(Alex: Notice the quotation marks... I misspoke a moment ago. I said "Notice the quotation marks." Kind of stupid 'cause it's a question mark--and it's a single question mark. I have these moments, folks--you have to cut me some slack.)
SPORTS TALK
CONGRESS
FINANCE
CLASSICAL MUSIC
12-LETTER WORDS
    $400 2
France

Donna
    $400 17
the bullpen

Jim
    $400 1
Hillary Clinton

Jim
    $400 11
(Jim: What is a mortgage?)

sub-prime

DonnaJim
    $400 16
Warsaw

Bret
    $400 25
a bachelorette party

Jim
    $800 3
Francisco Franco

Jim
    $800 18
a spike

Jim
    $800 5
(Alex: Correct--president of the Senate.)

the Vice President

Bret
    $800 12
(Donna: What are trusts?)
(Alex: No. What are [*]? You can give someone up to $12,000, Donna, like hosts of T--)

gifts

Donna
Triple Stumper
    $800 21
Mozart

Jim
    $800 26
a bicentennial

Jim
    $1200 4
(Jim: What is Jean?)

Fran├žois

JimBret
    $1200 19
(Donna: What is a Lutz?)

an Axel

DonnaBret
    $1200 6
the Library of Congress

Donna
    $1200 13
(Bret; What is a holding company?)
(Jim: What is a bond company?)

an insurance company

DonnaJimBret
    $1200 22
Handel

Donna
    $1200 27
(Alex: Yes, oui.)

mademoiselle

Jim
    $1600 9
(Jim: Who is Ignatius?)
...
(Alex: Who is [*]? Not St. Ignatius of Loyola.)

St. Francis Xavier

Jim
Triple Stumper
    $1600 20
schuss

Donna
    $1600 7
large

Donna
    $1600 14
(Alex: Alliterative because it's [*].)

a money market

Triple Stumper
    $1600 23
"Clair de Lune"

Donna
    $6,000 28
a thoroughbred

Jim
    $2000 10
(Alex: And the sculptor is [*].)

Daniel Chester French

Triple Stumper
    $2000 30
a medley

Jim
    $2000 8
the Speaker of the House

Donna
    $5,000 15
(Donna: What is a mortgage--or [*]? What is [*]?)
(Alex: Good for you. I'm glad you corrected yourself because mortgage is an incorrect response, but [*] is right.)

ammortization

Donna
    $2000 24
the Emperor

Donna
    $2000 29
a headmistress

Donna

Scores at the end of the Double Jeopardy! Round:

Donna Jim Bret
$23,400 $15,100 $5,800

[wagering suggestions for these scores]

Final Jeopardy! Round responses

PRESIDENTIAL ELECTIONS
(Alex: [Revealing Bret's response] You are correct. The election in 1968--I remember it well.)
BretWho was Wallace?
$5,700
JimWho is Nader?
$15,000
DonnaWho is Buffet?
$6,801
George Wallace

Final scores:

Donna Jim Bret
$16,599 $100 $11,500
2-day champion: $36,998 3rd place: $1,000 2nd place: $2,000

Game dynamics:

Coryat scores:

Donna Jim Bret
$20,400 $10,000 $5,800
23 R
(including 1 DD),
2 W
21 R
(including 2 DDs),
6 W
8 R,
2 W

Combined Coryat: $36,200

The J! Archive is created by fans, for fans. The Jeopardy! game show and all elements thereof, including but not limited to copyright and trademark thereto, are the property of Jeopardy Productions, Inc. and are protected under law. This website is not affiliated with, sponsored by, or operated by Jeopardy Productions, Inc. Join the discussion at JBoard.tv.